000 01711pam a2200361 a 4500
999 _c331910
_d331910
001 3353786
003 NUST
005 20180117105152.0
008 861030s1986 nyua b 001 0 eng
010 _a 86072126
020 _a0898640253 :
_c$395.00
040 _aDLC
_cDLC
_dDLC
041 1 _aengrus
050 0 0 _aTD741
_b.K3613 1986
082 0 0 _a628.3 KHU
_219
130 0 _aKanalizat︠s︡ii︠a︡ naselennykh mest i promyshlennykh predprii︠a︡tiĭ.
_lEnglish.
_95825
245 1 0 _aDesign handbook of wastewater systems = VOL 1-4
_bKanalizatsiya naselennykh mest i promyshlennykh predpriyatii : spravochnik proektirovshchika /
_cunder the general editorship of V.N. Samokhin ; by N.I. Likhachev ... [et al.].
250 _a2nd ed., rev. and expanded, English ed. /
_bedited by Boris Khudenko.
260 _aNew York :
_bAllerton Press,
_cc1986.
300 _a4 v. (xxiii, 1-1060 p.) :
_bill. ;
_c27 cm.
500 _aTranslation of: Kanalizat︠s︡ii︠a︡ naselennykh mest i promyshlennykh predprii︠a︡tiĭ.
500 _aIncludes indexes.
504 _aBibliography: v. 4, p. 1043-1046.
505 0 _av. 1. Wastewater collection and transportation -- v. 2. Methods of wastewater treatment -- v. 3. Municipal and industrial systems -- v. 4. Systems integration and ancillary facilities.
650 0 _aSewage disposal plants
_xDesign and construction.
_95826
650 0 _aSewer design.
_95827
700 1 _aSamokhin, V. N.
_95828
700 1 _aLikhachev, N. I.
_95829
700 1 _aKhudenko, Boris.
_95830
740 0 _aKanalizatsiya naselennykh mest i promyshlennykh predpriyattii.
906 _a7
_bcbc
_corignew
_d1
_eopcn
_f19
_gy-gencatlg
942 _2ddc
_cBK
_kIESE